000
nam a22 7a 4500
999
_c
53683
_d
53683
003
OSt
005
20220725144008.0
008
220725b xxu||||| |||| 00| 0 eng d
040
_c
IIMT UNIVERSITY
100
_a
WILEY
245
_a
THE REAL ACT PREP GUIDE
260
_a
NEW DELHI
_b
WILEY INDIA
300
_a
929
942
_2
ddc
_c
09